Statistics for Rappers By Real Name Quiz

Click here to take the quiz!

General Stats

  • This quiz has been taken 27 times
  • The average score is 9 of 22

Answer Stats

Real Name Rapper % Correct
Marshall Bruce Mathers IIIEminem
96%
Aubrey GrahamDrake
60%
O'Shea JacksonIce Cube
60%
Curtis James Jackson III50 Cent
60%
Dwayne Michael Carter Jr.Lil' Wayne
60%
Shawn Corey CarterJay-Z
60%
Onika Tanya MarajNicki Minaj
52%
Christopher WallaceThe Notorious B.I.G.
48%
Calvin Broadus Jr.Snoop Dogg
48%
Symere WoodsLil Uzi Vert
40%
Andre Romelle YoungDr. Dre
36%
Dieuson OctaveKodak Black
36%
Eric Lyn WrightEazy-E
32%
Shayaa Bin Abraham-Joseph21 Savage
32%
Rakim MayersA$AP Rocky
28%
Christopher Brian BridgesLudacris
28%
Karim KharbouchFrench Montana
24%
Cameron Jibril ThomazWiz Khalifa
24%
Miles Parks McCollumLil Yachty
24%
Earl SimmonsDMX
24%
Tauheed Epps2 Chainz
20%
Ben HaggertyMacklemore
20%

Score Distribution

Percentile by Number Answered

Percent of People with Each Score

Your Score History

You have not taken this quiz